000 00984nam a2200265 a 4500
001 000023037
005 20200930021939.0
008 101124s1977 sp r 000 e spa d
020 _a8432203157
040 _aDO-SdBNP
_bspa
_cBNPHU
041 1 7 _aspa
_hfre
_2Código de idiomas MARC
082 _a951.24902
_bK18s
100 1 _aKarol, K.S.,
_d1924-
_947401
240 1 3 _aLa deuxième révolution chinoise.
_lEspañol.
245 1 3 _aLa segunda revolución china /
_cK.S. Karol ; traducción de Carlos Manzano.
260 _aBarcelona :
_bSeix Barral,
_c1977.
300 _a620 p. ;
_c20 cm.
490 1 _aBiblioteca Breve
504 _aIncluye referencias bibliográficas y notas al pie de las páginas.
534 _pTítulo original en francés:
_tLa deuxième révolution chinoise.
_cParís: Robert Laffont, 1973.
650 4 _aChina
_xHistoria y revolución
_y1966-1969
_947402
700 1 _aManzano, Carlos,
_etr.
_928137
830 0 _aBiblioteca Breve
_913442
049 _aBNGR
999 _c22534
_d22534